00920ntm a22002417a 450000500170000000800410001704000280005808200170008610000460010324500820014926000100023130000330024150001800027459000100045465000390046465300230050365500090052670000080053577700090054394200080055299900170056095201010057720170813152642.0170802s2014 xx a frb 000 0 eng d aEG-ScBUEbengcEG-ScBUE04222a624bBEH1 aEl Beheiry, Abdallah Osama Kamal Mahmoud.10aOffice building :bdesign project /cAbdallah Osama Kamal Mahmoud El beheiry. c2014. a1v. :bill. (col.) ;c28 cm. aA dissertation submitted to the faculty of engineering the British University in Egypt,in partial fulfillment of the requirements for the bachelor degree in civil engineering anagwa 72BUEshaCivil EngineeringvProjects bENGCIVcAugust2017 vSPRO1 eths ASPRO 2ddc c25345d25317 00102ddc4070aMAINbMAINc2NDd2017-08-09l0o624 BEHp000046691r2025-07-15 00:00:00yPROJST